ბათუმის შოთა რუსთაველის სახელმწიფო უნივერსიტეტის ბიბლიოთეკა

Теоремы и задачи комбинаторной геометрии (ბიბ.ჩანაწერი № 38813)

000 -LEADER
fixed length control field 00624nam a2200205Ia 4500
001 - CONTROL NUMBER
control field 5190
003 - CONTROL NUMBER IDENTIFIER
control field GE_BSU
008 - FIXED-LENGTH DATA ELEMENTS--GENERAL INFORMATION
fixed length control field 181216s||||||||xx |||||||||||||| ||und||
040 ## - CATALOGING SOURCE
Transcribing agency GE_BSU
080 ## - UNIVERSAL DECIMAL CLASSIFICATION NUMBER
Universal Decimal Classification number 514
100 ## - MAIN ENTRY--PERSONAL NAME
Personal name Болтянский, В. Т. Гохберт, И.Ц.
245 ## - TITLE STATEMENT
Title Теоремы и задачи комбинаторной геометрии
245 ## - TITLE STATEMENT
Statement of responsibility, etc. Ред. И.Е. Морозов
260 ## - PUBLICATION, DISTRIBUTION, ETC.
Place of publication, distribution, etc. Москва
260 ## - PUBLICATION, DISTRIBUTION, ETC.
Name of publisher, distributor, etc. Наука
260 ## - PUBLICATION, DISTRIBUTION, ETC.
Date of publication, distribution, etc. 1965
300 ## - PHYSICAL DESCRIPTION
Extent 106 с.20см.
653 ## - INDEX TERM--UNCONTROLLED
Uncontrolled term Теоремы и задачи комбинаторной геометрии
942 ## - ADDED ENTRY ELEMENTS (KOHA)
Koha item type წიგნი
ეგზემპლარები
Withdrawn status Lost status Damaged status Not for loan Date acquired Barcode Date last seen Price effective from Koha item type
        2018-12-17 15629 2018-12-17 2018-12-17 წიგნი